|
|
|
|
| LEADER |
00000nam a2200000 a 4500 |
| 001 |
vtls008250807 |
| 003 |
SK-MaSNL |
| 005 |
20260302074106.0 |
| 008 |
210928s1983 xx 000 0 slo |
| 035 |
|
|
|a SVKPOKN062286
|
| 040 |
|
|
|a SNK
|b slo
|c SNK
|e AACR2
|
| 041 |
0 |
|
|a slo
|
| 044 |
|
|
|a xx
|
| 080 |
|
|
|a 885.4(497.1)-1
|2 1981
|
| 245 |
1 |
0 |
|a Lásky bez ohlasu
|b : antológia slovenskej vojvodinskej ľúbostnej poézie
|c ; Miroslav Dudok;
|
| 250 |
|
|
|a 1.
|
| 260 |
|
|
|a Nový Sad
|b Obzor
|c 1983
|
| 300 |
|
|
|a 99 str.
|
| 655 |
|
7 |
|a umelecká literatúra
|2 svkpo
|9 60405
|
| 700 |
1 |
|
|a Dudok, Miroslav,
|d 1952-
|4 com
|9 106062
|
| 958 |
|
|
|a OND
|
| 999 |
|
|
|c 1163673
|d 1165603
|
| 952 |
|
|
|a SNK
|b SNK
|y VYP
|7 0
|p 17A0662353
|o snkSD 55330 D1
|i snkV 275/86
|8 2
|0 0
|1 0
|4 0
|d 2010-06-16
|l 0
|r 2026-02-24 20:40:57
|w 2026-02-24
|